[Event "Tournoi francophone 011"]
[Site "Skype"]
[Date "????.??.??"]
[Round "2.12"]
[White "Guillaume, Mickael"]
[Black "Amato, Ludovica"]
[Result "1-0"]
[WhiteElo "1592"]
[BlackElo "1368"]
[PlyCount "57"]

1. e4 e5 2. Nf3 Nf6 3. Bc4 Nc6 4. O-O Bc5 5. d3 O-O 6. Nc3 a6 7. Re1 d6 8. Be3
Bxe3 9. fxe3 Na5 10. Bd5 c6 11. Bb3 Nxb3 12. axb3 Re8 13. d4 exd4 14. exd4 Bg4
15. Re3 Bh5 16. h3 Bg6 17. e5 Nd7 18. Qd2 dxe5 19. dxe5 Qc7 20. Rae1 Rad8 21.
Qe2 Re7 22. Kf2 Rde8 23. g3 f6 24. Qc4+ Kh8 25. Nd5 Nxe5 26. Nxe5 cxd5 27.
Nxg6+ hxg6 28. Qxc7 Rxc7 29. Rxe8+ 1-0

[Event "Tournoi francophone 011"]
[Site "Skype"]
[Date "????.??.??"]
[Round "2.13"]
[White "Vincent, Andre"]
[Black "Trivedi, Viral"]
[Result "1/2-1/2"]
[WhiteElo "1358"]
[BlackElo "1550"]
[PlyCount "77"]

1. d4 e6 2. Bf4 Nf6 3. e3 d5 4. Nf3 c5 5. c3 Nc6 6. Nbd2 b6 7. Bb5 Bb7 8. Ne5
Rc8 9. Qa4 cxd4 10. exd4 Qe7 11. Nxc6 Bxc6 12. Bxc6+ Rxc6 13. Qxc6+ Nd7 14.
Qa8+ Qd8 15. Qxa7 Be7 16. Qc7 O-O 17. Qxd8 Rxd8 18. h4 b5 19. g4 b4 20. c4 dxc4
21. Nxc4 Nf6 22. Ne5 Rxd4 23. Bg3 Re4+ 24. Kd2 b3 25. Kd3 bxa2 26. Rxa2 Rb4 27.
Ra8+ Bf8 28. Kc2 g6 29. b3 Kg7 30. Ra4 Rb5 31. f3 Nd5 32. Bf2 Nb4+ 33. Rxb4
Bxb4 34. Nc6 Bc5 35. Bd4+ Kf8 36. Ra1 Bxd4 37. Nxd4 Rc5+ 38. Kb2 Rd5 39. Rd1
1/2-1/2

[Event "Tournoi francophone 011"]
[Site "Skype"]
[Date "????.??.??"]
[Round "2.14"]
[White "De Coninck, Philippe"]
[Black "De Fazio, Monica"]
[Result "1-0"]
[WhiteElo "1352"]
[BlackElo "1136"]
[PlyCount "61"]

1. e4 e5 2. Nf3 Nf6 3. Nxe5 Nxe4 4. Qe2 Qh4 5. g3 Qe7 6. Qxe4 g6 7. Qe2 Bg7 8.
Nf3 Qxe2+ 9. Bxe2 O-O 10. O-O b6 11. d4 Ba6 12. Bxa6 Nxa6 13. a3 c5 14. c3 Rae8
15. Be3 Nc7 16. dxc5 Nd5 17. Bd4 d6 18. Rd1 Nf6 19. cxd6 Rd8 20. Be5 Ng4 21.
Bxg7 Kxg7 22. Rd4 Nf6 23. Nbd2 Ne8 24. Ne4 f5 25. Neg5 Rf6 26. d7 Nd6 27. Ne5
h6 28. Ngf3 Nf7 29. Nxf7 Rxf7 30. Rad1 Re7 31. Rd6 1-0

[Event "Tournoi francophone 011"]
[Site "Skype"]
[Date "????.??.??"]
[Round "2.15"]
[White "Bacha, Mehdi"]
[Black "Malbec, Robert"]
[Result "1-0"]
[WhiteElo "1096"]
[BlackElo "1322"]
[PlyCount "91"]

1. d4 d5 2. Nf3 Nf6 3. g3 Bg4 4. Bg2 Bxf3 5. Bxf3 Nc6 6. Nc3 e6 7. Bg5 Bb4 8.
Qd2 h6 9. Be3 Na5 10. a3 Nc4 11. Qc1 Bxc3+ 12. bxc3 Nxe3 13. Qxe3 O-O 14. O-O
Qd7 15. Rfd1 Qa4 16. Qd3 b6 17. e3 Qd7 18. c4 c6 19. cxd5 exd5 20. c4 Rae8 21.
cxd5 cxd5 22. Rdc1 Rc8 23. Rxc8 Rxc8 24. h3 Qxh3 25. a4 Ng4 26. Bxg4 Qxg4 27.
Kg2 Qe4+ 28. Qxe4 dxe4 29. a5 Rd8 30. axb6 axb6 31. Rb1 Rd6 32. Kf1 f5 33. Rc1
Rxd4 34. exd4 Kf7 35. Rc7+ Ke6 36. Rc6+ Kd5 37. Rxb6 Kxd4 38. Ke2 g5 39. Rd6+
Ke5 40. Rxh6 f4 41. gxf4+ gxf4 42. Rh5+ Kd4 43. Rh3 f3+ 44. Kd2 Ke5 45. Ke3 Kf5
46. Rh4 1-0

[Event "Tournoi francophone 011"]
[Site "Skype"]
[Date "????.??.??"]
[Round "2.17"]
[White "Trapletti, Cosetta"]
[Black "Moumtaz, Abderrahim"]
[Result "0-1"]
[WhiteElo "1047"]
[BlackElo "1295"]
[PlyCount "46"]

1. Nf3 Nf6 2. d4 d5 3. Bf4 e6 4. Nbd2 Bd6 5. c3 Bxf4 6. e3 Bd6 7. Bd3 O-O 8.
O-O Nc6 9. Rc1 Re8 10. h3 e5 11. Re1 e4 12. Nxe4 dxe4 13. Bc4 exf3 14. Qxf3 Be6
15. d5 Bxd5 16. Bxd5 Nxd5 17. Qxd5 Bh2+ 18. Kxh2 Qxd5 19. a3 Qe5+ 20. Kg1 Ne7
21. g3 Nf5 22. Rcd1 Rad8 23. Rc1 Rd2 0-1

[Event "Tournoi francophone 011"]
[Site "Skype"]
[Date "????.??.??"]
[Round "2.18"]
[White "Rodriguez, Nathalie"]
[Black "Mimouni, Driss"]
[Result "1/2-1/2"]
[WhiteElo "1268"]
[BlackElo "1052"]
[PlyCount "87"]

1. d4 d5 2. Bf4 Nc6 3. a3 e6 4. Nc3 Bd6 5. Bg3 Bxg3 6. hxg3 e5 7. Nf3 Nxd4 8.
Nxe5 Be6 9. Qxd4 Nf6 10. e3 O-O 11. Be2 g6 12. Ng4 h6 13. Nxf6+ Kh8 14. Rxh6+
Kg7 15. Ng4+ f6 16. f4 Bxg4 17. Rh2 Rh8 18. Rxh8 Qxh8 19. Bxg4 Qh1+ 20. Ke2
Qxa1 21. Qxd5 f5 22. Qd4+ Kh6 23. Bf3 Qxb2 24. Kd2 Qb6 25. Qxb6 axb6 26. Bxb7
Rh8 27. Nb5 c5 28. Bf3 c4 29. g4 Rd8+ 30. Kc3 Rd3+ 31. cxd3 cxd3 32. Kxd3 g5
33. gxf5 gxf4 34. exf4 Kg7 35. g4 Kf6 36. Nd4 Kf7 37. Ke4 Ke7 38. g5 Kf7 39.
Bh5+ Kg7 40. Ne6+ Kh8 41. f6 Kh7 42. f7 b5 43. f8=Q b4 44. axb4 1/2-1/2

[Event "Tournoi francophone 011"]
[Site "Skype"]
[Date "????.??.??"]
[Round "2.19"]
[White "Schnell, Nicolas"]
[Black "Douichi, Mohammed"]
[Result "1-0"]
[WhiteElo "1006"]
[BlackElo "1263"]
[PlyCount "25"]

1. e4 e5 2. Nc3 Nf6 3. Bc4 Bc5 4. b4 Bxb4 5. a3 Bc5 6. Qf3 O-O 7. Qd1 Nc6 8.
Nd5 Nxe4 9. Nf3 Nxf2 10. Qe2 Nxh1 11. Bd3 Bd6 12. Qe4 Nf2 13. Qxh7# 1-0

[Event "Tournoi francophone 011"]
[Site "Skype"]
[Date "????.??.??"]
[Round "2.20"]
[White "Bustos, Ricardo"]
[Black "Gagnon, Sindy"]
[Result "1-0"]
[WhiteElo "1243"]
[BlackElo "1032"]
[PlyCount "69"]

1. c4 b6 2. e4 Bb7 3. d3 Nc6 4. Nf3 e6 5. Nc3 Nb4 6. a3 Na6 7. Be2 d5 8. exd5
exd5 9. O-O dxc4 10. dxc4 Qf6 11. Bg5 Qg6 12. Bd3 Qh5 13. Bf4 Ne7 14. Bxc7 Rc8
15. Bd6 Bxf3 16. Qxf3 Qg5 17. Ne4 Qg6 18. Bxe7 Bxe7 19. Nc5 Rxc5 20. Bxg6 hxg6
21. Rad1 Nc7 22. Rfe1 g5 23. Qb7 Nd5 24. cxd5 Kf8 25. Qxe7+ Kg8 26. Qe8+ Kh7
27. Qxf7 Kh6 28. Rc1 Rcc8 29. Qe6+ g6 30. Rxc8 Rxc8 31. Qxc8 g4 32. Qh8+ Kg5
33. Re5+ Kf4 34. g3+ Kf3 35. Qf8# 1-0

[Event "Tournoi francophone 011"]
[Site "Skype"]
[Date "????.??.??"]
[Round "2.21"]
[White "Canova, Felix"]
[Black "Vervoort, Jean-Louis"]
[Result "0-1"]
[WhiteElo "1000"]
[BlackElo "1224"]
[PlyCount "58"]

1. e4 e5 2. Nf3 Nc6 3. Bb5 d6 4. Nc3 Nf6 5. d3 Bg4 6. h3 Bxf3 7. gxf3 d5 8.
exd5 Nxd5 9. Nxd5 Qxd5 10. Bxc6+ Qxc6 11. Bd2 Bc5 12. Rh2 O-O 13. c3 Rad8 14.
b4 Bb6 15. a4 a6 16. b5 axb5 17. Rb1 bxa4 18. Bg5 f6 19. Bd2 Rxd3 20. Rxb6 Qxb6
21. h4 Rfd8 22. Ke2 Qb2 23. Rh1 Rxd2+ 24. Ke3 Rxd1 25. Rxd1 Rxd1 26. Ke4 Qxc3
27. Kf5 Qxf3+ 28. Ke6 Qd5+ 29. Ke7 Qd7# 0-1

[Event "Tournoi francophone 011"]
[Site "Skype"]
[Date "????.??.??"]
[Round "2.22"]
[White "Hargez, Dany"]
[Black "Morin, Claude"]
[Result "1/2-1/2"]
[WhiteElo "1217"]
[BlackElo "1001"]
[PlyCount "111"]

1. e4 e5 2. Bc4 Nf6 3. d3 Nc6 4. Bg5 Be7 5. Bxf6 Bxf6 6. Nc3 O-O 7. Nf3 a6 8.
Nd5 b5 9. Bb3 d6 10. Nxf6+ Qxf6 11. Bd5 Bb7 12. c4 Qg6 13. O-O b4 14. Qa4 a5
15. Bxc6 Bxc6 16. Qxc6 a4 17. c5 Rfc8 18. Qd5 Qe6 19. cxd6 Qxd5 20. exd5 cxd6
21. Rac1 Re8 22. Rc6 e4 23. dxe4 Rxe4 24. Rxd6 h6 25. Rc6 a3 26. b3 Re2 27. d6
Rxa2 28. d7 Rd2 29. Rc8+ Kh7 30. Rxa8 Rxd7 31. Ne5 Re7 32. Nc6 Re4 33. Ra4 a2
34. Nxb4 a1=Q 35. Rfxa1 Re8 36. Nc6 Rc8 37. Ne7 Re8 38. Ra8 Rxe7 39. b4 Rb7 40.
R1a4 Rc7 41. g3 Rc1+ 42. Kg2 Rc4 43. b5 Rc1 44. b6 Rb1 45. R4a6 h5 46. h4 Rb4
47. Rb8 g5 48. hxg5 Kg6 49. b7+ Kxg5 50. Rg8+ Kf5 51. b8=Q Rxb8 52. Rxb8 h4 53.
gxh4 Kg4 54. Rh8 Kf4 55. Rf6+ Kg4 56. Rxf7 1/2-1/2

[Event "Tournoi francophone 011"]
[Site "Skype"]
[Date "????.??.??"]
[Round "2.24"]
[White "Le Bouill, Pierre"]
[Black "Hampton, Irene"]
[Result "1-0"]
[WhiteElo "1198"]
[BlackElo "1000"]
[PlyCount "75"]

1. Nf3 d6 2. b3 Nc6 3. Bb2 e5 4. d3 Nge7 5. c3 Bf5 6. e4 Bg6 7. Nh4 f6 8. d4 d5
9. exd5 Nxd5 10. c4 Nf4 11. Nxg6 hxg6 12. Qf3 b5 13. Qxc6+ Qd7 14. Qxa8+ Qd8
15. Qxd8+ Kxd8 16. cxb5 Bb4+ 17. Bc3 a5 18. bxa6 Nd5 19. Bxb4 Nxb4 20. Na3 Kd7
21. dxe5 fxe5 22. O-O-O+ Ke7 23. Kb2 c5 24. Bc4 g5 25. f3 Kf6 26. Nc2 Nc6 27.
Rd6+ Kf5 28. Rxc6 Rh4 29. Rxc5 g4 30. g3 Rh7 31. Bd3+ Kg5 32. Bxh7 g6 33. a7
gxf3 34. a8=Q f2 35. Rf1 Kg4 36. Rxf2 g5 37. Qf3+ Kh3 38. Bf5+ 1-0

[Event "Tournoi francophone 011"]
[Site "Skype"]
[Date "????.??.??"]
[Round "2.25"]
[White "Trolese, Caterina"]
[Black "Maccaferri, Massimo"]
[Result "1-0"]
[WhiteElo "1000"]
[BlackElo "1160"]
[PlyCount "75"]

1. e4 e5 2. Nf3 Nc6 3. Bc4 Nd4 4. c3 Nc6 5. d4 exd4 6. cxd4 Qe7 7. Nc3 d6 8.
Be3 Qf6 9. d5 Ne5 10. Qa4+ Bd7 11. Qb3 Qg6 12. O-O-O Qxg2 13. Rhg1 Qxf3 14.
Rge1 Be7 15. Bb5 Bh4 16. Re2 O-O-O 17. Bxd7+ Rxd7 18. Bxa7 b6 19. Qc2 c5 20.
Bxb6 Rb7 21. Na4 Nd3+ 22. Qxd3 Bg5+ 23. Kb1 Qg2 24. e5 Qxh2 25. exd6 Qxd6 26.
Bxc5 Qg6 27. Re8+ Kd7 28. Qxg6 hxg6 29. Re5 Bf6 30. Re4 Rxb2+ 31. Nxb2 Ne7 32.
Bxe7 Bxe7 33. d6 Re8 34. Rxe7+ Rxe7 35. dxe7+ Kxe7 36. Nc4 Ke6 37. Rd6+ Ke7 38.
a4 1-0

[Event "Tournoi francophone 011"]
[Site "Skype"]
[Date "????.??.??"]
[Round "2.26"]
[White "Ramirez, Luis Antonio"]
[Black "Tolaro, Filippa"]
[Result "1-0"]
[WhiteElo "1139"]
[BlackElo "1000"]
[PlyCount "81"]

1. e4 c6 2. d4 d5 3. Nc3 dxe4 4. Nxe4 Bf5 5. f3 e6 6. Be3 Bb4+ 7. c3 Ba5 8. g4
Bxe4 9. fxe4 Nf6 10. Bg5 O-O 11. Qd2 Nbd7 12. Rd1 Nxg4 13. Bxd8 Rfxd8 14. Be2
Ngf6 15. Nf3 Nxe4 16. Qd3 Ndf6 17. Rg1 Bc7 18. Rg2 Bf4 19. Qc2 Be3 20. Bd3 Bf2+
21. Rxf2 Nxf2 22. Kxf2 g6 23. Rg1 Kf8 24. Qe2 Nh5 25. Qe5 Rd5 26. Qh8+ Ke7 27.
Qxa8 a6 28. Qxb7+ Kd6 29. Qb4+ Kc7 30. Bxa6 Nf4 31. Qb7+ Kd6 32. c4 Nd3+ 33.
Ke2 Nf4+ 34. Ke3 Rf5 35. c5+ Rxc5 36. dxc5+ Kxc5 37. a3 Nd5+ 38. Ke4 f5+ 39.
Ke5 h5 40. Rc1+ Nc3 41. Rxc3# 1-0

[Event "Tournoi francophone 011"]
[Site "Skype"]
[Date "????.??.??"]
[Round "3.1"]
[White "Ambrosino, Theo"]
[Black "Siret, Bernard"]
[Result "0-1"]
[WhiteElo "1675"]
[BlackElo "2063"]
[PlyCount "56"]

1. c4 f5 2. Nc3 Nf6 3. Nf3 e6 4. b3 Be7 5. d4 d5 6. e3 O-O 7. g3 Ne4 8. Nxe4
fxe4 9. Ne5 Nd7 10. Nxd7 Bxd7 11. Bg2 a5 12. Bb2 Bb4+ 13. Ke2 b5 14. Rc1 bxc4
15. bxc4 Rb8 16. Bc3 Bxc3 17. Rxc3 e5 18. dxe5 Bg4+ 19. f3 exf3+ 20. Kd3 fxg2
21. Qxg4 dxc4+ 22. Kc2 gxh1=Q 23. Qxc4+ Qhd5 24. Qxd5+ Qxd5 25. Rxc7 Rfc8 26.
Rxc8+ Rxc8+ 27. Kb2 Qd2+ 28. Ka3 Qb4# 0-1

[Event "Tournoi francophone 011"]
[Site "Skype"]
[Date "????.??.??"]
[Round "3.3"]
[White "Bourdeau, Yvan"]
[Black "Hilton, Stephen"]
[Result "0-1"]
[WhiteElo "1662"]
[BlackElo "1799"]
[PlyCount "28"]

1. c4 g6 2. Nc3 Bg7 3. Nf3 Nf6 4. d4 d5 5. Bf4 O-O 6. e3 c5 7. Qb3 cxd4 8. Nxd4
dxc4 9. Bxc4 Nbd7 10. Rd1 e5 11. Ne6 fxe6 12. Bxe6+ Kh8 13. Bxe5 Qb6 14. O-O
Nxe5 0-1

[Event "Tournoi francophone 011"]
[Site "Skype"]
[Date "????.??.??"]
[Round "3.4"]
[White "Le Brun, Yves"]
[Black "Legueltel, Daniel"]
[Result "0-1"]
[WhiteElo "1719"]
[BlackElo "1617"]
[PlyCount "60"]

1. d4 g6 2. Bf4 Bg7 3. e3 Nf6 4. Nd2 b6 5. Ngf3 Bb7 6. c3 c5 7. Ne5 Nc6 8. Nxc6
Bxc6 9. dxc5 bxc5 10. f3 Nd5 11. g3 Nxf4 12. gxf4 Qc7 13. Qe2 Rb8 14. Nc4 d5
15. Ne5 Bxe5 16. fxe5 Qxe5 17. f4 Qf6 18. Rg1 Qh4+ 19. Rg3 Bb5 20. Qg2 O-O 21.
Bxb5 Rxb5 22. O-O-O Rfb8 23. b3 Qf6 24. Qc2 a5 25. Rxd5 e6 26. Rd7 a4 27. Rg5
axb3 28. axb3 Rxb3 29. Rxc5 Qh4 30. Rcc7 Qe1+ 0-1

[Event "Tournoi francophone 011"]
[Site "Skype"]
[Date "????.??.??"]
[Round "3.5"]
[White "Gharbi, Said"]
[Black "Rapaire, Jean-Michel"]
[Result "0-1"]
[WhiteElo "1598"]
[BlackElo "1701"]
[PlyCount "86"]

1. e4 d5 2. e5 c5 3. Nf3 Nc6 4. Bb5 a6 5. Bxc6+ bxc6 6. c3 Bf5 7. O-O e6 8. d4
c4 9. Qa4 Qb6 10. Nbd2 Qb5 11. b3 Qxa4 12. bxa4 Rb8 13. Nh4 Bc2 14. a5 Be7 15.
Ndf3 Bd8 16. Ba3 g5 17. Ne1 Bd3 18. Nxd3 cxd3 19. Nf3 g4 20. Ne1 d2 21. Nd3
Bxa5 22. Bb4 Bd8 23. Nc5 a5 24. Ba3 Be7 25. Na6 Rc8 26. Bxe7 Nxe7 27. Rab1 O-O
28. Rfd1 Ra8 29. Rb6 Ra7 30. Rxd2 f6 31. exf6 Rxf6 32. Nc5 Kf7 33. Nb7 Ke8 34.
Rdb2 e5 35. dxe5 Re6 36. Re2 Ng6 37. Nc5 Rxe5 38. Rxe5+ Nxe5 39. Rb8+ Ke7 40.
Rh8 Kd6 41. Na4 Rb7 42. g3 Rb1+ 43. Kg2 Nf3 0-1

[Event "Tournoi francophone 011"]
[Site "Skype"]
[Date "????.??.??"]
[Round "3.6"]
[White "Deville, Olivier"]
[Black "Guillaume, Mickael"]
[Result "1-0"]
[WhiteElo "2081"]
[BlackElo "1592"]
[PlyCount "63"]

1. d4 d5 2. c4 e6 3. Nf3 Nf6 4. g3 Be7 5. Bg2 O-O 6. O-O c5 7. cxd5 exd5 8. Nc3
Nc6 9. Bf4 cxd4 10. Nxd4 Nxd4 11. Qxd4 Be6 12. Rfd1 Rc8 13. Qxa7 Qd7 14. e4 Bg4
15. Rd2 Bc5 16. Qa5 b6 17. Qa6 d4 18. Nd5 Nxd5 19. exd5 Ra8 20. Qc4 Rfe8 21. a3
Ra4 22. Qc1 Rc8 23. Qf1 b5 24. b4 Bb6 25. Be5 Rc4 26. h3 Bf5 27. g4 Bg6 28. Qd1
f6 29. Bxd4 Bxd4 30. Rxd4 Qd6 31. Rxc4 bxc4 32. Qxa4 1-0

[Event "Tournoi francophone 011"]
[Site "Skype"]
[Date "????.??.??"]
[Round "3.7"]
[White "Trivedi, Viral"]
[Black "Khabou, Taha"]
[Result "0-1"]
[WhiteElo "1550"]
[BlackElo "1547"]
[PlyCount "76"]

1. d4 Nf6 2. Nf3 d5 3. Bf4 c5 4. e3 e6 5. c3 Nc6 6. Bd3 Qb6 7. Qc2 Be7 8. Nbd2
c4 9. Be2 O-O 10. O-O Nh5 11. Bg5 Bd6 12. Ne5 Nf6 13. Bxf6 gxf6 14. Ng4 f5 15.
Nf6+ Kh8 16. Nf3 Qd8 17. Nh5 Bd7 18. Rfe1 Rg8 19. g3 b5 20. Kh1 b4 21. Nh4 a5
22. Nf4 a4 23. Bh5 Qf6 24. Qe2 a3 25. Reb1 axb2 26. Qxb2 bxc3 27. Qxc3 Bxf4 28.
exf4 Qxd4 29. Qe1 Qe4+ 30. Qxe4 fxe4 31. Bxf7 Rgf8 32. Bh5 Rfb8 33. Rxb8+ Rxb8
34. a4 Rb2 35. Kg1 c3 36. Rc1 c2 37. Kg2 Nd4 38. a5 Rb1 0-1

[Event "Tournoi francophone 011"]
[Site "Skype"]
[Date "????.??.??"]
[Round "3.8"]
[White "Sauvaget, Joel"]
[Black "Vincent, Andre"]
[Result "0-1"]
[WhiteElo "1523"]
[BlackElo "1358"]
[PlyCount "62"]

1. d4 d5 2. c4 c6 3. Bf4 Bf5 4. e3 Nf6 5. Nc3 e6 6. Nf3 Nbd7 7. h3 Be7 8. Bd3
Bg6 9. Bxg6 hxg6 10. cxd5 exd5 11. Qb3 Qb6 12. Qxb6 Nxb6 13. O-O Nc4 14. Rab1
b5 15. a3 Kd7 16. Rfd1 Rae8 17. Nd2 Nb6 18. b4 Nh5 19. Bh2 f5 20. Nf3 Bf6 21.
Be5 g5 22. Bxf6 gxf6 23. Ne2 f4 24. Rd3 Nc4 25. Rbb3 Re7 26. Kf1 Rhe8 27. Neg1
fxe3 28. fxe3 Nxe3+ 29. Kf2 Nc4 30. g4 Nf4 31. Kg3 Nxd3 0-1

[Event "Tournoi francophone 011"]
[Site "Skype"]
[Date "????.??.??"]
[Round "3.9"]
[White "De Coninck, Philippe"]
[Black "L'Herbon De Lussats, Jean"]
[Result "1-0"]
[WhiteElo "1352"]
[BlackElo "1501"]
[PlyCount "55"]

1. e4 c5 2. Nf3 Nc6 3. d4 cxd4 4. Nxd4 e5 5. Nb5 d6 6. c4 a6 7. N5a3 Nf6 8. Nc3
Be7 9. Bd3 O-O 10. Nc2 Bd7 11. O-O Rb8 12. b3 Nd4 13. Ne3 b5 14. Ncd5 Bc6 15.
Bb2 bxc4 16. Nxe7+ Qxe7 17. Nxc4 Nxe4 18. Bxd4 exd4 19. Qe2 d5 20. Nd2 a5 21.
f3 Rfe8 22. fxe4 dxe4 23. Bc4 Kh8 24. Rxf7 Qc5 25. Qg4 d3+ 26. Kh1 Qd4 27. Raf1
Rb7 28. Rf8+ 1-0

[Event "Tournoi francophone 011"]
[Site "Skype"]
[Date "????.??.??"]
[Round "3.10"]
[White "Marino, Giuseppe"]
[Black "Bustos, Ricardo"]
[Result "1-0"]
[WhiteElo "1466"]
[BlackElo "1243"]
[PlyCount "65"]

1. d4 Nf6 2. Nf3 d6 3. h3 Nbd7 4. e3 b6 5. Bd3 c5 6. c3 Qc7 7. Nbd2 e5 8. O-O
Bb7 9. dxe5 Nxe5 10. Bb5+ Bc6 11. Bxc6+ Qxc6 12. Nxe5 dxe5 13. Re1 Be7 14. c4
O-O 15. b3 Rad8 16. Qc2 Qd7 17. Rd1 Qe6 18. Bb2 Rfe8 19. Ne4 Nxe4 20. Qxe4 Bf6
21. f3 g6 22. Qc2 Rxd1+ 23. Rxd1 e4 24. Bxf6 Qxf6 25. fxe4 Qh4 26. e5 Rxe5 27.
Qe2 Qe7 28. Rd3 Kg7 29. g4 a6 30. Kg2 b5 31. cxb5 Qb7+ 32. Kf2 Rf5+ 33. gxf5
1-0

[Event "Tournoi francophone 011"]
[Site "Skype"]
[Date "????.??.??"]
[Round "3.11"]
[White "Milanese, Serge"]
[Black "Tamditi, Ibrahim"]
[Result "0-1"]
[WhiteElo "1311"]
[BlackElo "1456"]
[PlyCount "46"]

1. d4 g6 2. e4 Bg7 3. Nf3 e6 4. Bf4 c5 5. c3 cxd4 6. cxd4 Nc6 7. Nc3 Qb6 8. Nb5
Bf8 9. Nc7+ Kd8 10. Nxa8 Qxb2 11. Bc7+ Ke8 12. Bf4 Bb4+ 13. Bd2 Bxd2+ 14. Qxd2
Qxa1+ 15. Qd1 Qxa2 16. Nc7+ Kd8 17. Nb5 Qa5+ 18. Nc3 Qxc3+ 19. Qd2 Qa1+ 20. Qd1
Qxd1+ 21. Kxd1 Nf6 22. Be2 Nxe4 23. h4 Nxf2+ 0-1

[Event "Tournoi francophone 011"]
[Site "Skype"]
[Date "????.??.??"]
[Round "3.12"]
[White "Couto, Januario"]
[Black "Porcabeuf, Jean-Marc"]
[Result "1-0"]
[WhiteElo "1448"]
[BlackElo "1208"]
[PlyCount "35"]

1. e4 e6 2. d4 d5 3. Nd2 c5 4. dxc5 Bxc5 5. Qg4 Ne7 6. Qxg7 Ng6 7. Qc3 Be7 8.
exd5 exd5 9. Ngf3 a6 10. Bd3 Nc6 11. Bxg6 fxg6 12. Qxh8+ Bf8 13. O-O Be6 14.
Qxh7 Qf6 15. Qxb7 Rc8 16. Re1 Ne7 17. Qxa6 Nc6 18. Qxc8+ 1-0

[Event "Tournoi francophone 011"]
[Site "Skype"]
[Date "????.??.??"]
[Round "3.13"]
[White "Moumtaz, Abderrahim"]
[Black "Pouteau, Pascal"]
[Result "0-1"]
[WhiteElo "1295"]
[BlackElo "1441"]
[PlyCount "74"]

1. d4 d5 2. c4 c6 3. Nc3 Bf5 4. Qb3 Qb6 5. Qxb6 axb6 6. cxd5 Nd7 7. e4 Bg6 8.
Nf3 Ngf6 9. Bd3 cxd5 10. Nd2 e6 11. O-O Be7 12. f3 h5 13. Rd1 h4 14. Nf1 Nh5
15. exd5 Bxd3 16. Rxd3 e5 17. Ne4 f6 18. d6 Bd8 19. Ne3 Nf4 20. Rd2 g5 21. Nc4
f5 22. Nxe5 fxe4 23. fxe4 Nxe5 24. dxe5 g4 25. Rf2 Ne6 26. Be3 Ra5 27. Rf5 Ng7
28. d7+ Ke7 29. Rf4 g3 30. hxg3 hxg3 31. Rg4 Nh5 32. Bd4 Ra4 33. e6 Rxd4 34.
Re1 b5 35. Rg6 Rd2 36. Rf1 Bb6+ 37. Kh1 Nf4+ 0-1

[Event "Tournoi francophone 011"]
[Site "Skype"]
[Date "????.??.??"]
[Round "3.14"]
[White "Scata, Laura"]
[Black "Le Bouill, Pierre"]
[Result "0-1"]
[WhiteElo "1440"]
[BlackElo "1198"]
[PlyCount "109"]

1. d4 Nf6 2. Nf3 g6 3. Bf4 e6 4. e3 a6 5. Nbd2 Bg7 6. h3 d5 7. Bd3 Nc6 8. c3
O-O 9. O-O Re8 10. Ne5 Nxe5 11. dxe5 Nd7 12. Nf3 f6 13. exf6 Bxf6 14. e4 e5 15.
Bh2 c6 16. Bc2 Nc5 17. exd5 Qxd5 18. b4 Qxd1 19. Rfxd1 Nd7 20. Rd6 Be7 21. Re6
Nf8 22. Rxe5 Bd7 23. Rae1 Bf6 24. Rxe8 Rxe8 25. Bb3+ Kg7 26. Be5 Be6 27. Bxe6
Bxe5 28. Rxe5 Rxe6 29. Kf1 Kf6 30. Rxe6+ Nxe6 31. Ke2 Nf4+ 32. Kf1 Nd5 33. Nd2
Nxc3 34. f3 Nxa2 35. Ne4+ Ke5 36. Nc5 Nxb4 37. Nxb7 Nd3 38. Ke2 Nc1+ 39. Ke3
Kd5 40. Kd2 Nb3+ 41. Kc3 Nd4 42. Kb4 Nc2+ 43. Ka5 c5 44. Kxa6 c4 45. Na5 c3 46.
Nb3 Nb4+ 47. Ka5 Kc4 48. Ka4 c2 49. Nc1 Nd3 50. Ka3 Nxc1 51. Kb2 Nd3+ 52. Kxc2
Ne1+ 53. Kd2 Nxg2 54. Kc2 Nf4 55. h4 0-1

[Event "Tournoi francophone 011"]
[Site "Skype"]
[Date "????.??.??"]
[Round "3.15"]
[White "Vervoort, Jean-Louis"]
[Black "Gerbaux, Regis"]
[Result "0-1"]
[WhiteElo "1224"]
[BlackElo "1404"]
[PlyCount "38"]

1. d4 d5 2. c4 e6 3. Nc3 Nf6 4. Bg5 Be7 5. Nf3 Nbd7 6. cxd5 Nxd5 7. Nxd5 exd5
8. Bxe7 Qxe7 9. e3 O-O 10. a3 a5 11. Bd3 c5 12. O-O b6 13. Qc2 g6 14. Rfe1 Bb7
15. Re2 c4 16. Bxg6 fxg6 17. Rae1 Rae8 18. e4 dxe4 19. Rxe4 Bxe4 0-1

[Event "Tournoi francophone 011"]
[Site "Skype"]
[Date "????.??.??"]
[Round "3.16"]
[White "Briere, Jean"]
[Black "Ramirez, Luis Antonio"]
[Result "1-0"]
[WhiteElo "1387"]
[BlackElo "1139"]
[PlyCount "59"]

1. e4 c5 2. Nf3 d6 3. c4 Nc6 4. d4 Nxd4 5. Nxd4 e5 6. Nf3 Nf6 7. Nc3 Be7 8. Bd3
O-O 9. O-O h6 10. h3 Nh7 11. Nd5 Ng5 12. Nxe7+ Qxe7 13. Nxg5 hxg5 14. Be3 g4
15. hxg4 Qh4 16. Be2 f6 17. Qe1 Bxg4 18. f3 Qh7 19. fxg4 Qxe4 20. Bd2 Kf7 21.
g5 Rh8 22. Bh5+ Rxh5 23. Qxe4 Rah8 24. g6+ Ke7 25. Qxb7+ Ke6 26. Qd5+ Kd7 27.
Rad1 Re8 28. Ba5 Re6 29. Qb7+ Ke8 30. Qf7# 1-0

[Event "Tournoi francophone 011"]
[Site "Skype"]
[Date "????.??.??"]
[Round "3.19"]
[White "Mimouni, Driss"]
[Black "Trolese, Caterina"]
[Result "1-0"]
[WhiteElo "1052"]
[BlackElo "1000"]
[PlyCount "51"]

1. e4 e5 2. Nf3 Nc6 3. d3 Nf6 4. Bg5 g6 5. Nc3 Bg7 6. Nd5 Nxd5 7. Bxd8 Nxd8 8.
exd5 d6 9. Ng5 O-O 10. Be2 Bd7 11. O-O c6 12. c4 b5 13. cxb5 cxb5 14. b4 Nb7
15. Bf3 a5 16. Ne4 axb4 17. Bg4 Bf5 18. Bxf5 gxf5 19. Ng5 e4 20. Rc1 Nc5 21.
Qh5 h6 22. d4 Nd3 23. Rc7 e3 24. fxe3 Rfe8 25. Qxf7+ Kh8 26. Qxg7# 1-0

[Event "Tournoi francophone 011"]
[Site "Skype"]
[Date "????.??.??"]
[Round "3.20"]
[White "Morin, Claude"]
[Black "Rodriguez, Nathalie"]
[Result "0-1"]
[WhiteElo "1001"]
[BlackElo "1268"]
[PlyCount "48"]

1. d4 d5 2. c4 Nc6 3. Nc3 Bf5 4. e3 Nf6 5. Nf3 Nb4 6. a3 Nc2+ 7. Ke2 Nxa1 8.
Bd2 Nb3 9. Qxb3 c6 10. Nh4 Be6 11. Kd1 Qc7 12. g3 dxc4 13. Bxc4 g6 14. Nf3 Bh6
15. Ne2 Qd7 16. Ne5 Qd8 17. Kc2 Bxc4 18. Qxc4 e6 19. h4 O-O 20. f3 Nd7 21. f4
Nxe5 22. fxe5 Qc7 23. g4 b5 24. g5 bxc4 0-1

[Event "Tournoi francophone 011"]
[Site "Skype"]
[Date "????.??.??"]
[Round "3.21"]
[White "Malbec, Robert"]
[Black "Hargez, Dany"]
[Result "0-1"]
[WhiteElo "1322"]
[BlackElo "1217"]
[PlyCount "62"]

1. e4 e5 2. Nf3 Nf6 3. Bc4 d5 4. Bxd5 Be6 5. Bxe6 fxe6 6. d3 Bd6 7. O-O O-O 8.
Bg5 Nc6 9. Nc3 Nd4 10. Nxd4 exd4 11. Nb5 Be5 12. c3 c5 13. c4 a6 14. Na3 Qc7
15. f4 Bd6 16. e5 Ng4 17. Qxg4 Rf5 18. exd6 Qf7 19. Rae1 Rf8 20. g3 Qd7 21. Re5
Qxd6 22. Rxf5 exf5 23. Qh4 Qg6 24. Re1 h6 25. Be7 Re8 26. Bxc5 Rxe1+ 27. Kg2
Qc6+ 28. Kh3 Qxc5 29. Qd8+ Kh7 30. Kh4 Re2 31. Qf8 Rxh2# 0-1

[Event "Tournoi francophone 011"]
[Site "Skype"]
[Date "????.??.??"]
[Round "3.22"]
[White "Douichi, Mohammed"]
[Black "Gagnon, Sindy"]
[Result "1-0"]
[WhiteElo "1263"]
[BlackElo "1032"]
[PlyCount "33"]

1. e4 e5 2. Nf3 Nf6 3. Nc3 c6 4. Nxe5 Qc7 5. d4 Bd6 6. Bf4 O-O 7. Bd3 Re8 8.
Bc4 Nd5 9. exd5 cxd5 10. Nxd5 b6 11. Nxc7 Bxc7 12. O-O Bb7 13. Bxf7+ Kf8 14.
Bxe8 Kxe8 15. Qg4 d6 16. Qe6+ Kd8 17. Nf7# 1-0

[Event "Tournoi francophone 011"]
[Site "Skype"]
[Date "????.??.??"]
[Round "3.23"]
[White "Maccaferri, Massimo"]
[Black "Canova, Felix"]
[Result "1-0"]
[WhiteElo "1160"]
[BlackElo "1000"]
[PlyCount "55"]

1. e4 e5 2. Bc4 Be7 3. Qh5 g6 4. Qxe5 f6 5. Qg3 Nh6 6. Qb3 Nc6 7. Bf7+ Nxf7 8.
Nf3 Ng5 9. d3 Na5 10. Qd5 b6 11. Qxa8 Nb7 12. Qxa7 Bb4+ 13. Bd2 Nd6 14. Bxb4
Nb7 15. Qa4 c5 16. Bc3 h5 17. Nxg5 fxg5 18. Bxh8 Kf8 19. Qb3 d6 20. Qc3 Na5 21.
Qg7+ Ke8 22. Qxg6+ Ke7 23. Bf6+ Kd7 24. Qf7+ Kc6 25. Bxd8 Bd7 26. Qd5+ Kb5 27.
Nc3+ Kb4 28. a3# 1-0